Statystyki dla Rodzaje zbóż

Kliknij tutaj aby rozwiązać quiz!

Ogólne statystyki

  • Ten quiz został rozwiązany 150 razy
  • Średni wynik to 5 z 8

Statystyki odpowiedzi

Odpowiedź% Poprawnych
kukurydza
92%
owies
86%
żyto
86%
pszenica
83%
kasza
36%
proso
36%
ryż
32%
sorgo
26%

Rozkład punktacji

Percentyl według liczby udzielonych odpowiedzi

Procent ludzi z każdym wynikiem

Twoja historia wyników

Nie rozwiązałeś tego quizu